000 00969cad a22001935a 4500
001 L150864
008 100908s2010 xxk 000 0 eng d
035 _a(Sirsi) u150864
041 0 _aeng
110 2 _aEC Harris
_94930
245 0 0 _aInternational Focus on Russia
_binfrastructure sector set to grow in Russia this year
_h[electronic resource]
260 _a[S.l.]
_bECHarris
_c2010
520 _aThe property market in Russia has seen several years of high profitability followed by one of the steepest price corrections in Europe; overview of the property market; indicative costs per m² in Russia; materials and labour; tender prices; economy and construction - Russia at a glance;
590 _aKA NTK
651 4 _aRussia
690 _aBUILT ENVIRONMENT-CONSTRUCTION MARKET
856 4 0 _uhttps://www.echarris.com/pdf/7300_International%20focus%20on%20Russia_English%20FINAL%20FOR%20WEB.pdf
_zView the item free of charge at www.echarris.com
942 _n0
999 _c111001
_d111001